Normal view MARC view

Entry Personal Name

Number of records used in: 1

001 - CONTROL NUMBER

  • control field: 254906

003 - CONTROL NUMBER IDENTIFIER

  • control field: OSt

005 - DATE AND TIME OF LATEST TRANSACTION

  • control field: 20260214114821.0

008 - FIXED-LENGTH DATA ELEMENTS

  • fixed length control field: 260214|| aca||aabn | a|a d

040 ## - CATALOGING SOURCE

  • Original cataloging agency: OSt
  • Transcribing agency: OSt

100 ## - HEADING--PERSONAL NAME

  • Personal name: MINER (Earl)

670 ## - SOURCE DATA FOUND

  • Source citation: Work cat.: (OSt)79756: MINER (Earl)., Metaphysical mode from Donne to Cowley, 1969